<?xml version="1.0" encoding="UTF-8"?>
<record
    xmlns:xsi="http://www.w3.org/2001/XMLSchema-instance"
    xsi:schemaLocation="http://www.loc.gov/MARC21/slim http://www.loc.gov/standards/marcxml/schema/MARC21slim.xsd"
    xmlns="http://www.loc.gov/MARC21/slim">

  <leader>01627nam a2200409 a 4500</leader>
  <controlfield tag="001">60434</controlfield>
  <controlfield tag="003">CO-BoRNBP</controlfield>
  <controlfield tag="005">20260206133342.0</controlfield>
  <controlfield tag="007">t</controlfield>
  <controlfield tag="008">150217s2014    ck a   gr     00110 spa d</controlfield>
  <datafield tag="020" ind1=" " ind2=" ">
    <subfield code="a">9789587750461</subfield>
  </datafield>
  <datafield tag="040" ind1=" " ind2=" ">
    <subfield code="a">CO-BoBLA</subfield>
    <subfield code="b">spa</subfield>
    <subfield code="d">CO-BoBLA</subfield>
    <subfield code="e">rda</subfield>
    <subfield code="c">UNIVERSIDAD NACIONAL</subfield>
  </datafield>
  <datafield tag="041" ind1=" " ind2=" ">
    <subfield code="a">spa</subfield>
  </datafield>
  <datafield tag="043" ind1=" " ind2=" ">
    <subfield code="a">s-ck---</subfield>
  </datafield>
  <datafield tag="082" ind1="0" ind2="4">
    <subfield code="a">595.380986 </subfield>
    <subfield code="b">C15c </subfield>
    <subfield code="2">21</subfield>
  </datafield>
  <datafield tag="100" ind1="1" ind2=" ">
    <subfield code="a">Campos, Martha R.</subfield>
    <subfield code="9">68640</subfield>
  </datafield>
  <datafield tag="245" ind1="1" ind2="0">
    <subfield code="a">Crust&#xE1;ceos dec&#xE1;podos de agua dulce de Colombia / </subfield>
    <subfield code="c">Martha R. Campos.</subfield>
  </datafield>
  <datafield tag="250" ind1=" " ind2=" ">
    <subfield code="a">1a. edici&#xF3;n</subfield>
  </datafield>
  <datafield tag="264" ind1=" " ind2=" ">
    <subfield code="a">Bogot&#xE1; :</subfield>
    <subfield code="b">Universidad Nacional de Colombia. Facultad de Ciencias. Instituto de Ciencias Naturales , Biblioteca Jos&#xE9; Jer&#xF3;nimo Triana,</subfield>
    <subfield code="c">2014.</subfield>
  </datafield>
  <datafield tag="300" ind1=" " ind2=" ">
    <subfield code="a">691 p&#xE1;ginas :</subfield>
    <subfield code="b">ilustraciones, gr&#xE1;ficos, mapas ;</subfield>
    <subfield code="c">24 cm.</subfield>
  </datafield>
  <datafield tag="336" ind1=" " ind2=" ">
    <subfield code="a">text</subfield>
    <subfield code="b">txt</subfield>
    <subfield code="2">rdacontent</subfield>
  </datafield>
  <datafield tag="337" ind1=" " ind2=" ">
    <subfield code="a">unmediated</subfield>
    <subfield code="b">n</subfield>
    <subfield code="2">rdamedia</subfield>
  </datafield>
  <datafield tag="338" ind1=" " ind2=" ">
    <subfield code="a">volume</subfield>
    <subfield code="b">nc</subfield>
    <subfield code="2">rdacarrier</subfield>
  </datafield>
  <datafield tag="490" ind1="1" ind2=" ">
    <subfield code="a">Biblioteca Jos&#xE9; Jer&#xF3;nimo Triana ; </subfield>
    <subfield code="v">27</subfield>
  </datafield>
  <datafield tag="504" ind1=" " ind2=" ">
    <subfield code="a">Incluye bibliograf&#xED;as.</subfield>
  </datafield>
  <datafield tag="650" ind1=" " ind2="7">
    <subfield code="a">Crust&#xE1;ceos</subfield>
    <subfield code="x"> Distribuci&#xF3;n geogr&#xE1;fica</subfield>
    <subfield code="z"> Colombia.</subfield>
    <subfield code="2">BLAAUTO</subfield>
    <subfield code="9">68641</subfield>
  </datafield>
  <datafield tag="650" ind1=" " ind2="7">
    <subfield code="a">Dec&#xE1;podos (Crust&#xE1;ceos)</subfield>
    <subfield code="x"> Clasificaci&#xF3;n</subfield>
    <subfield code="z"> Colombia.</subfield>
    <subfield code="2">BLAAUTO</subfield>
    <subfield code="9">68642</subfield>
  </datafield>
  <datafield tag="650" ind1=" " ind2="7">
    <subfield code="a">Dec&#xE1;podos (Crust&#xE1;ceos)</subfield>
    <subfield code="x"> Distribuci&#xF3;n geogr&#xE1;fica</subfield>
    <subfield code="z"> Colombia.</subfield>
    <subfield code="2">BLAAUTO</subfield>
    <subfield code="9">68643</subfield>
  </datafield>
  <datafield tag="650" ind1=" " ind2="7">
    <subfield code="a">Diversidad biol&#xF3;gica</subfield>
    <subfield code="z">Colombia.</subfield>
    <subfield code="2">BLAAUTO</subfield>
  </datafield>
  <datafield tag="700" ind1="1" ind2=" ">
    <subfield code="a">G&#xF3;mez Hoyos, Juan Carlos,</subfield>
    <subfield code="e">editor.</subfield>
    <subfield code="9">68644</subfield>
  </datafield>
  <datafield tag="700" ind1="1" ind2=" ">
    <subfield code="a">Gonz&#xE1;lez Duque, Lina Mar&#xED;a,</subfield>
    <subfield code="e">editora.</subfield>
    <subfield code="9">68645</subfield>
  </datafield>
  <datafield tag="700" ind1="1" ind2=" ">
    <subfield code="a">Palacio O., Juan David,</subfield>
    <subfield code="e">editor.</subfield>
    <subfield code="9">68646</subfield>
  </datafield>
  <datafield tag="830" ind1="1" ind2="0">
    <subfield code="a">Biblioteca Jos&#xE9; Jer&#xF3;nimo Triana ;</subfield>
    <subfield code="v">27</subfield>
    <subfield code="9">68647</subfield>
  </datafield>
  <datafield tag="942" ind1=" " ind2=" ">
    <subfield code="2">ddc</subfield>
    <subfield code="c">BK</subfield>
  </datafield>
  <datafield tag="949" ind1=" " ind2=" ">
    <subfield code="a">n       </subfield>
    <subfield code="b">n</subfield>
  </datafield>
  <datafield tag="960" ind1=" " ind2=" ">
    <subfield code="a">Normalizados-2025</subfield>
  </datafield>
  <datafield tag="999" ind1=" " ind2=" ">
    <subfield code="c">60434</subfield>
    <subfield code="d">60434</subfield>
  </datafield>
  <datafield tag="952" ind1=" " ind2=" ">
    <subfield code="0">0</subfield>
    <subfield code="1">0</subfield>
    <subfield code="2">ddc</subfield>
    <subfield code="4">0</subfield>
    <subfield code="7">0</subfield>
    <subfield code="8">001</subfield>
    <subfield code="a">MEACACIA</subfield>
    <subfield code="b">MEACACIA</subfield>
    <subfield code="c">GEN</subfield>
    <subfield code="d">2026-02-06</subfield>
    <subfield code="l">0</subfield>
    <subfield code="o">595.380986  C15c </subfield>
    <subfield code="p">ACA04826</subfield>
    <subfield code="r">2026-02-06 13:37:20</subfield>
    <subfield code="t">Ej.1</subfield>
    <subfield code="w">2026-02-06</subfield>
    <subfield code="y">BK</subfield>
  </datafield>
</record>
